Pays en E en 1 minute - Statistiques

Statistiques générales
  • Ce quiz a été pris 361 fois
  • Le résultat moyen est 6 sur 9
Statistiques - réponses
Pays en "E" % Correct
Espagne
84%
Estonie
84%
Erythrée
76%
Ethiopie
75%
Equateur
67%
Etats-Unis
61%
Eswatini
58%
Egypte
54%
Emirats Arabes Unis
50%
Aucun quiz correspondant
Distribution des résultats
% des personnes avec chaque résultat
Percentile par nombre de réponses
Votre historique - résultats
Vous n’avez pas pris ce quiz